00720nam a22001697a 4500003000900000008004100009040007100050082001500121100002000136245004900156260003400205300005000239440006100289505013500350650001900485700004600504AR-CdUCM190319b ||||| |||| 00| 0 spa d aMUNICIPALIDAD PROVINCIAL DEL CUSCOcBIBLIOTECA MUNICIPAL DEL CUSCO a510 /bK34 aKeesee, John W. aIntroducción a la Topología Algebraica / aEspaña :bAlhambra ;c1971. a148 páginas ;bFórmulas, diagramas c20cm aColección Exedra - Ciencia Técnica Ingeniería n75 aContenido: Los grupos de homología de un complejo simplical -- Grupos de homología de un poliedro -- Aplicaciones elementales  aMatemáticas  aFleitas Morales, Guillermo (traducción)